Applied Optimal control (Record no. 298712)

000 -LEADER
fixed length control field 00283 a2200121 4500
001 - CONTROL NUMBER
control field 63639
082 ## - DEWEY DECIMAL CLASSIFICATION NUMBER
Classification number 629.8312 BRY
090 ## - LOCALLY ASSIGNED LC-TYPE CALL NUMBER (OCLC); LOCAL CALL NUMBER (RLIN)
-- 37637
-- 37637
100 ## - MAIN ENTRY--PERSONAL NAME
Personal name Bryson A.E
245 ## - TITLE STATEMENT
Title Applied Optimal control
Medium English
260 ## - PUBLICATION, DISTRIBUTION, ETC.
Place of publication, distribution, etc. NY
Name of publisher, distributor, etc. John Wiley & Sons
Date of publication, distribution, etc. 1975
300 ## - PHYSICAL DESCRIPTION
Other physical details 481p
942 ## - ADDED ENTRY ELEMENTS (KOHA)
Institution code [OBSOLETE] NUST-CAE
Call number prefix 629.8312 BRY
Holdings
Withdrawn status Lost status Damaged status Not for loan Collection code Permanent Location Current Location Date acquired Total Checkouts Full call number Barcode Date last seen Price effective from Koha item type
          College of Aeronautical Engineering (CAE) College of Aeronautical Engineering (CAE) 04/03/2017   629.8312 BRY CAEG-5353 04/05/2017 04/05/2017 Book
© 2023 Central Library, National University of Sciences and Technology. All Rights Reserved.